Normal view
MARC view
Entry Personal Name
001 - CONTROL NUMBER
- control field: 32913
003 - CONTROL NUMBER IDENTIFIER
- control field: ARRUPE
005 - DATE AND TIME OF LATEST TRANSACTION
- control field: 20170712092933.0
008 - FIXED-LENGTH DATA ELEMENTS
- fixed length control field: 170712|| aca||aabn | a|a d
040 ## - CATALOGING SOURCE
- Original cataloging agency: ARRUPE
- Transcribing agency: ARRUPE
100 ## - HEADING--PERSONAL NAME
- Personal name: Anthony Stark
670 ## - SOURCE DATA FOUND
- Source citation: Work cat.: (ARRUPE)4422: Anthony Stark, Thomas More most human of saints, 1978